Filosofické listy / Ladislav Klíma ; [doslov] Jaroslav Kabeš
Record details
- Physical Description: 101 s. : obr. ; 17 cm
- Publisher: Praha : Herrmann, 1993
Content descriptions
| General Note: | Ilustr. tit. list Ediční pozn. |
Search for related items by subject
| Subject: | Klíma, Ladislav, 1878-1928 |
| Genre: | korespondence |
Available copies
- 1 of 1 copy available at Common Catalog SPOK.
Holds
- 0 current holds with 1 total copy.
Show Only Available Copies
| Location | Call Number / Copy Notes | Barcode | Shelving Location | Status | Due Date |
|---|---|---|---|---|---|
| Hospic Dobrého Pastýře | FI
Tematické zaměření:
Filozofie (TRI)
Tematická katagorie: Filozofie (FI) |
2045957006390 | Knihovna | Available | - |
| LDR | 01055nam a2200325 4500 | ||
|---|---|---|---|
| 001 | 28315 | ||
| 003 | CZ-PrJAB | ||
| 005 | 20170821100025.0 | ||
| 007 | tu | ||
| 008 | 940426s1993 xr a u0|0 cze | ||
| 015 | . | ‡acnb000084327 | |
| 020 | . | ‡q(Brož.) | |
| 035 | . | ‡a(CZ PrNK)np9422336 | |
| 035 | . | ‡a(OCoLC)39593776 | |
| 040 | . | ‡aABA001 ‡bcze | |
| 045 | . | ‡ax1x1 | |
| 080 | . | ‡a885.0-6 ‡2undef | |
| 080 | . | ‡a14 ‡2undef | |
| 100 | 1 | . | ‡aKlíma, Ladislav, ‡d1878-1928 ‡7jk01060531 ‡4aut |
| 245 | 1 | 0. | ‡aFilosofické listy / ‡cLadislav Klíma ; [doslov] Jaroslav Kabeš |
| 260 | . | ‡aPraha : ‡bHerrmann, ‡c1993 | |
| 300 | . | ‡a101 s. : ‡bobr. ; ‡c17 cm | |
| 500 | . | ‡aIlustr. tit. list | |
| 500 | . | ‡aEdiční pozn. | |
| 600 | 1 | 7. | ‡aKlíma, Ladislav, ‡d1878-1928 ‡7jk01060531 ‡2czenas |
| 653 | 0 | . | ‡astol. 20., léta 10. ‡ačeská filozofie |
| 655 | 7. | ‡akorespondence ‡7fd132681 ‡2czenas | |
| 700 | 1 | . | ‡aKabeš, Jaroslav, ‡d1896-1964 ‡7jk01052331 ‡4aui |
| 910 | . | ‡aBNE702 | |
| 964 | . | ‡aKlíma, Ladislav (spisovatel a filozof čes., 1878-1928) - myšlení filozofické - korespondence - r. 1913-1925 | |
| 998 | . | ‡a000084327 | |
| 901 | . | ‡a28315 ‡b ‡c28315 ‡tbiblio | |